000 00705cam a2200181 i 4500
005 20251126090504.0
008 250721s1997 le gr 000 0 ara d
082 1 4 _a211.7/
_bغ ر ث
100 1 _aغرث، محمد عارف
_eمؤلف.
245 1 0 _aكيف نحفظ القرآن :
_bالوصايا العشر لحفظ كتاب الله مع أحكام التجويد و دعاء ختم القرآن /
_cتأليف العلامة محمد عارف غرث.
264 3 1 _bدار ماري،
_c1997.
_aبيروت:
300 _a75صفحة.
650 1 7 _aالقرآن الكريم.
650 1 7 _aعلوم القرآن.
650 1 7 _aفقه القرآن.
942 _2ddc
_cBK
999 _c26414
_d26414